Mujeres buscando escenas y espacios propios /
Se ahonda en las condiciones de vida de las mujeres para ello el autor se apoya en datos históricos, se siente la inquietud de visualizar algunas interrelaciones entre la ocupación física y simbólica de los espacios para las mujeres y su situación social y personal. El centro de atención es la casa...
محفوظ في:
| المؤلف الرئيسي: | |
|---|---|
| التنسيق: | نص |
| الموضوعات: | |
| الوسوم: |
إضافة وسم
لا توجد وسوم, كن أول من يضع وسما على هذه التسجيلة!
|
MARC
| LEADER | 00000 a a2200000 04500 | ||
|---|---|---|---|
| 001 | 10489 | ||
| 003 | |||
| 040 | |||
| 100 | |a Azcárate, Teresa | ||
| 245 | |a Mujeres buscando escenas y espacios propios / |c Teresa Azcárate | ||
| 520 | |a Se ahonda en las condiciones de vida de las mujeres |a para ello el autor se apoya en datos históricos, se siente la inquietud de visualizar algunas interrelaciones entre la ocupación física y simbólica de los espacios para las mujeres y su situación social y personal. El centro de atención es la casa, por ser ésta la métafora y la paradoja de lo femenino y con ello se intenta complejizar su significado |a se lanza una pregunta interesante ¿Es en verdad la casa, el hogar, la vivienda, un lugar de las mujeres? ¿Por qué? Cuando se habla de hábitat, no se refiere solamente a la vivienda, sino a las relaciones que se logran establecer en este medio construído y sus habitantes. Por otra parte el trabajo también se apoya en datos empíricos, en datos que se obtuvieron mediante entrevista a mujeres de escasos recursos, usuarias de conjuntos habitacionales construídos cerca de Buenos Aires, Argentina, por el Estado. Se sostiene la hipótesis de que la ocupación y uso de los espacios, tanto individuales como colectivos, muestran la asimetría que existe entre los sexos y el relegamiento de las mujeres. Se afirma que las mujeres deben mejorar la calidad de vida cotidiana, deben dejar los espacios que otros han pensado y organizado para ellas |a en síntesis, la mujer debe buscar y construir las escenas propias, las que se adapten mejor a sus necesidades, o sea debe de buscar un lugar propio para su realización como persona, como ser pensante y como miembro activo de la sociedad con sus propias ideas y virtudes. OBB/hmbq | ||
| 650 | |a ORGANIZACIONES FEMENINAS | ||
| 650 | |a ROL DE LA MUJER | ||
| 650 | |a STATUS DE LA MUJER | ||
| 650 | |a DISCRIMINACION BASADA EN EL SEXO | ||
| 650 | |a PROBLEMAS SOCIALES | ||
| 650 | |a CONDICIONES SOCIALES | ||
| 650 | |a CONDICIONES DE VIDA | ||
| 650 | |a PARTICIPACION SOCIAL | ||
| 650 | |a MARGINALIDAD | ||
| 650 | |a POBREZA | ||
| 650 | |a RELACIONES ENTRE LOS GRUPOS | ||
| 650 | |a VIVIENDA | ||
| 650 | |a TRABAJADORA | ||
| 773 | |g número 135; páginas 78-91 | ||
| 999 | |c 38110 |d 38110 | ||
